Độc học môi trường

Na minha lista:
Detalhes bibliográficos
Formato: Sách
Idioma:Undetermined
Publicado em:  Xây dựng  2013
Assuntos:
Tags: Adicionar Tag
Sem tags, seja o primeiro a adicionar uma tag!
Thư viện lưu trữ: Trung tâm Thư viện - Trường Đại học Công nghiệp TP. Hồ Chí Minh
LEADER 00405nam a2200133Ia 4500
001 UIH_07854
008 231011s9999 xx 000 0 und d
082 |a  628 
245 0 |a  Độc học môi trường 
260 |b  Xây dựng 
260 |c  2013 
650 |a  Môi trường;  
927 |a Sách 
980 |a Trung tâm Thư viện - Trường Đại học Công nghiệp TP. Hồ Chí Minh